Mélenchon, Hollande ou les deux - Statistiques

Statistiques générales
  • Ce quiz a été pris 664 fois
    663 depuis la dernière actualisation
  • Le résultat moyen est 10 sur 15
Statistiques - réponses
Question Réponse % Correct
a été président de la République ? Hollande
99%
A crée son parti politique ? Mélenchon
91%
Est née dans une ancienne colonie française ? Mélenchon
85%
Apparait dans un film américain ? Hollande
83%
Ecrit des livres ? Les deux
82%
A un passé Trotskiste ? Mélenchon
76%
A quitté le Parti socialiste ? Mélenchon
75%
A des enfants ? Les deux
62%
Est actuellement député ? Hollande
58%
Est diplômé de Sciences Po ? Hollande
51%
Cumul plus de 40 années de mandat électif ? Les deux
51%
A déjà occupé le poste de Sénateur ? Mélenchon
49%
A déjà été Député Européen ? Les deux
43%
Pense que l'union de la Gauche c'est lui ? Les deux
39%
A déjà été ministre ? Mélenchon
24%
Aucun quiz correspondant
Distribution des résultats
% des personnes avec chaque résultat
Percentile par nombre de réponses
Votre historique - résultats
Vous n’avez pas pris ce quiz depuis la dernière actualisation